000 01142nam a2200301 a 4500
001 57735
003 BD-RjUL
005 20211209080539.0
008 161211s2003 enk b 001 0 eng
020 _a041593446X (hardback)
020 _a0415934478 (pbk.)
035 _a(BD-RjUL)57859
040 _aDLC
_cDLC
_dBD-RjUL
_beng
041 _aeng
082 0 0 _a306.8509
_223
_bFAM 2003
245 1 0 _aFamilies of a new world :
_bgender, politics, and state development in a global context /
_cedited by Lynne Haney, and Lisa Pollard.
260 _aLondon :
_bRoutledge,
_cc2003.
300 _aviii, 300 p. :
_bill., ;
_c24 cm.
504 _aIncludes bibliographical references and index.
650 0 _aFamilies
_xHistory.
_9171462
650 0 _aFamily policy
_vCross-cultural studies.
_9171464
700 1 _aHaney, Lynne A.
_q(Lynne Allison),
_d1967-
_9171465
700 1 _aPollard, Lisa.
_9171467
856 4 1 _3Table of contents only
_uhttp://www.loc.gov/catdir/toc/fy037/2002014651.html
856 4 2 _3Publisher description
_uhttp://www.loc.gov/catdir/enhancements/fy0651/2002014651-d.html
942 _2ddc
_cBK
999 _c57735
_d57735